El polvorín / (Record no. 34607)

MARC details
000 -LEADER
campo de control de longitud fija 00714nam a2200229 i 4500
001 - NÚMERO DE CONTROL
campo de control 34607
003 - IDENTIFICADOR DE NÚMERO DE CONTROL
campo de control ES-MaACL
005 - FECHA Y HORA DE LA ÚLTIMA TRANSACCIÓN
campo de control 20250929063104.0
007 - CAMPO FIJO DE DESCRIPCIÓN FÍSICA--INFORMACIÓN GENERAL
campo de control de longitud fija t|
008 - DATOS DE LONGITUD FIJA--INFORMACIÓN GENERAL
campo de control de longitud fija 030207s1980 sp ||||1| spa d
100 1# - ENTRADA PRINCIPAL--NOMBRE DE PERSONA
Nombre de persona Boileau, Pierre,
Fechas asociadas al nombre 1906-1989
9 (RLIN) 29845
245 13 - MENCIÓN DEL TÍTULO
Título El polvorín /
Mención de responsabilidad, etc. Arsène Lupin [seud. colect. de Boileau y Narcejac ; [traducción por Josep Elias].
250 ## - MENCION DE EDICION
Mención de edición [1ª ed.].
260 ## - PUBLICACIÓN, DISTRIBUCIÓN, ETC.
Lugar de publicación, distribución, etc. Barcelona :
Nombre del editor, distribuidor, etc. Planeta,
Fecha de publicación, distribución, etc. [1980]
300 ## - DESCRIPCIÓN FÍSICA
Extensión 194 p. ;
Dimensiones 18 cm.
490 1# - MENCIÓN DE SERIE
Mención de serie Fábula ;
Designación de volumen o secuencia 64
700 1# - ENTRADA AGREGADA--NOMBRE PERSONAL
Nombre de persona Narcejac, Thomas (
Fechas asociadas al nombre 1908-1998)
9 (RLIN) 84937
700 1# - ENTRADA AGREGADA--NOMBRE PERSONAL
Nombre de persona Elías, Josep.
9 (RLIN) 46965
830 0# - PUNTO DE ACCESO ADICIONAL DE SERIE-TÍTULO UNIFORME
Título uniforme Fábula ;
Designación de volumen o secuencia 64
9 (RLIN) 179737
852 ## - LOCALIZACIÓN
Ubicación ES-MaACL
Número de control de estantería L-6476
Sublocalización o colección R.107131
Holdings
Estatus retirado Estado de pérdida Estado de daño No para préstamo Biblioteca de origen Biblioteca actual Ubicación en estantería Fecha de adquisición Fuente de adquisición Total de préstamos Signatura topográfica completa Código de barras Visto por última vez Precio de reemplazo Tipo de ítem Koha
        Biblioteca del Ateneo de Madrid Biblioteca del Ateneo de Madrid Depósito 2 17/01/2008     L-6476 1036098 23/02/2023 23/02/2023 Libro impreso